| Tag |
First Indicator |
Second Indicator |
Subfields |
| LEADER |
00000cam a2200000 a 4500 |
| 001 |
in00000928813 |
| 005 |
20150925125654.0 |
| 008 |
890428s1989 ilua b 00010 eng |
| 010 |
|
|
|a 89006955
|
| 020 |
|
|
|a 0838933718 (alk. paper) :
|c $4.25
|
| 035 |
|
|
|a (OCoLC)19723195
|
| 035 |
|
|
|9 AES2580AM
|
| 040 |
|
|
|a DLC
|c DLC
|d TXA
|d UtOrBLW
|
| 049 |
|
|
|a TXAM
|
| 050 |
0 |
0 |
|a Z687
|b .A518 1989
|
| 082 |
0 |
0 |
|a 025.2/1
|2 20
|
| 110 |
2 |
|
|a American Library Association.
|b Subcommittee on Guidelines for Collection Development.
|
| 245 |
1 |
0 |
|a Guide for written collection policy statements /
|c Subcommittee on Guidelines for Collection Development, Collection Management and Development Committee, Resources Section, Resources and Technical Services Division, American Library Association ; Bonita Bryant, editor.
|
| 264 |
|
1 |
|a Chicago :
|b The Association,
|c 1989.
|
| 300 |
|
|
|a vi, 29 pages :
|b illustrations ;
|c 23 cm.
|
| 336 |
|
|
|a text
|b txt
|2 rdacontent
|
| 337 |
|
|
|a unmediated
|b n
|2 rdamedia
|
| 338 |
|
|
|a volume
|b nc
|2 rdacarrier
|
| 490 |
1 |
|
|a Collection management and development guides ;
|v no. 3
|
| 500 |
|
|
|a Revised edition of: Guidelines for the formulation of collection development policies / by Sheila Dowd, Thomas Shaughnessy, and Hans Weber. Published as part of the book, Guidelines for collection development. 1979.
|
| 504 |
|
|
|a Includes bibliographical references (pages 25-29).
|
| 650 |
|
0 |
|a Collection development (Libraries)
|x Standards.
|
| 650 |
|
0 |
|a Book selection
|v Policy statements
|x Standards.
|
| 700 |
1 |
|
|a Bryant, Bonita.
|
| 710 |
2 |
|
|a American Library Association.
|b Collection Management and Development Committee.
|t Guidelines for collection development.
|
| 830 |
|
0 |
|a Collection management and development guides ;
|v no. 3.
|
| 999 |
|
|
|a MARS
|
| 999 |
f |
f |
|s 21638af5-80bf-3ec7-a7ed-c449fc65744e
|i e5dca328-daf0-300e-a791-54657a5cf5f1
|t 0
|
| 952 |
f |
f |
|p ric
|a Texas A&M University
|b Rellis Campus
|c Joint Library Facility
|d Remote Storage
|t 0
|e Z687 .A518 1989
|h Library of Congress classification
|i unmediated -- volume
|m A14813951754
|
| 998 |
f |
f |
|a Z687 .A518 1989
|t 0
|l Remote Storage
|